Taxmann's illustrated guide to Indian accounting standards [Ind AS] : (Record no. 138304)
[ view plain ]
| 000 -LEADER | |
|---|---|
| fixed length control field | 01109nam a22002417a 4500 |
| 005 - DATE AND TIME OF LATEST TRANSACTION | |
| control field | 20170531105705.0 |
| 010 ## - LCCN (DPL NO) | |
| LC control number | B-670038 |
| 020 ## - INTERNATIONAL STANDARD BOOK NUMBER | |
| International Standard Book Number | 9789386189905 |
| Terms of availability | 2100.00 |
| 035 ## - SYSTEM CONTROL NUMBER | |
| System control number | B-670038 |
| 035 ## - SYSTEM CONTROL NUMBER | |
| System control number | B-666046 |
| 037 ## - SOURCE OF ACQUISITION | |
| Source of stock number/acquisition | CL/RP/K.K. Publications |
| 037 ## - SOURCE OF ACQUISITION | |
| Source of stock number/acquisition | Variety |
| 082 ## - DEWEY DECIMAL CLASSIFICATION NUMBER | |
| Classification number | 657.0954 |
| 100 ## - MAIN ENTRY--PERSONAL NAME | |
| Personal name | Chatterjee, B.D. |
| 245 ## - TITLE STATEMENT | |
| Title | Taxmann's illustrated guide to Indian accounting standards [Ind AS] : |
| Remainder of title | as amended by companies (Indian accounting standards) (Amendment) rules 2016 / |
| Statement of responsibility, etc | by B.D. Chatterjee |
| 250 ## - EDITION STATEMENT | |
| Edition statement | 3rd ed |
| 260 ## - PUBLICATION, DISTRIBUTION, ETC. (IMPRINT) | |
| Place of publication, distribution, etc | New Delhi |
| Name of publisher, distributor, etc | Taxmann Publications |
| Date of publication, distribution, etc | 2017 |
| 270 ## - ADDRESS | |
| Address | 59/32, New Rohtak Road |
| City | New Delhi |
| Postal code | 110005 |
| 300 ## - PHYSICAL DESCRIPTION | |
| Extent | I-276,962p. |
| Dimensions | 24cm(Hb) |
| 942 ## - ADDED ENTRY ELEMENTS (KOHA) | |
| Source of classification or shelving scheme | Dewey Decimal Classification |
| Item type | English Books |
| Classification part | 657.0954 |
| Call number suffix | CHA |
| Withdrawn status | Lost status | Not for loan | Collection code | Home library | Current library | Date acquired | Cost, normal purchase price | Full call number | Barcode | Copy number | Cost, replacement price | Koha item type | Source of acquisition |
|---|---|---|---|---|---|---|---|---|---|---|---|---|---|
| Non-fiction | Ashok Vihar | Ashok Vihar | 31/05/2017 | 2100.00 | 657.0954 CHA | B-666046 | 1 | 2100.00 | English Books | BPPD/EN/2015-16/AV/16-17/410/15.2.2017/IN1434/7.3.2017/ 10.3.201 | |||
| Non-fiction | Central Library | Central Library | 12/04/2017 | 2100.00 | 657.0954 CHA | B-670038 | 1 | 2100.00 | English Books |
